| 000 | 00857nam2a22002051 4500 | ||
|---|---|---|---|
| 001 | RU\NLR\A1SV\135521 | ||
| 005 | 20251214192347.0 | ||
| 035 | _a(NLR Aleph) 010680256 | ||
| 090 |
_a13490904 _c13490904 |
||
| 100 | _a20150216d1918 u y0rusy50 ca | ||
| 101 | 0 | _arus | |
| 200 | 0 | _aЧ.1, кн.1 | |
| 215 | _a158 с. | ||
| 461 | 1 |
_1001RU\NLR\A1SV\135520 _12000#$aЖитие Олимпиады девы$e[Роман]$fЕ.Нагродская$vЧ.1, кн.1 _1700#1$aНагродская$bЕ. А.$f1866-1930$gЕвдокия Аполлоновна$3RU\NLR\AUTH\770284781 _99643908 _aНагродская, Е. А. (1866-1930) _c[Пг.] _d[1918] _fЕ.Нагродская _nМ.И.Семенов _o[Роман] _tЖитие Олимпиады девы _vЧ.1, кн.1 |
|
| 801 | 0 |
_aRU _bNLR _c20150216 |
|
| 852 | _aNLR | ||
| 942 | _cBOOK | ||
| 980 | _aA1SV | ||
| 980 | _aNB | ||